Los derechos laborales de la mujer / (Record no. 177597)

MARC details
000 -LEADER
campo de control de longitud fija 00701nam a22002055i 4500
001 - NÚMERO DE CONTROL
campo de control 177597
003 - IDENTIFICADOR DE NÚMERO DE CONTROL
campo de control ES-MaACL
005 - FECHA Y HORA DE LA ÚLTIMA TRANSACCIÓN
campo de control 20240209063123.0
008 - DATOS DE LONGITUD FIJA--INFORMACIÓN GENERAL
campo de control de longitud fija 110405s1964 sp |||| | spa d
080 ## - NÚMERO DE LA CLASIFICACIÓN DECIMAL UNIVERSAL
Número de la Clasificación Decimal Universal 351.83:331.4
100 1# - ENTRADA PRINCIPAL--NOMBRE DE PERSONA
Nombre de persona Falcón, Lidia,
Fechas asociadas al nombre 1935-
9 (RLIN) 48707
245 14 - MENCIÓN DEL TÍTULO
Título Los derechos laborales de la mujer /
Mención de responsabilidad, etc. por Lidia Falcón O'Neill.
260 ## - PUBLICACIÓN, DISTRIBUCIÓN, ETC.
Lugar de publicación, distribución, etc. Madrid :
Nombre del editor, distribuidor, etc. Montecorvo,
Fecha de publicación, distribución, etc. 1964.
300 ## - DESCRIPCIÓN FÍSICA
Extensión 362 p. ;
Dimensiones 25 cm.
490 1# - MENCIÓN DE SERIE
Mención de serie Monografías. Colección de estudios jurídicos ;
Designación de volumen o secuencia 9
650 #4 - PUNTO DE ACCESO ADICIONAL DE MATERIA--TÉRMINO DE MATERIA
Término de materia o nombre geográfico como elemento de entrada Mujeres-
Subdivisión general Trabajo.
9 (RLIN) 15318
830 1# - PUNTO DE ACCESO ADICIONAL DE SERIE-TÍTULO UNIFORME
Título uniforme Monografías. Colección de estudios jurídicos ;
Designación de volumen o secuencia 9
9 (RLIN) 190484
852 4# - LOCALIZACIÓN
Ubicación ES-MaACL
Número de control de estantería E-14800
Encuadernación Olim P-860-bis
Holdings
Estatus retirado Estado de pérdida Estado de daño No para préstamo Biblioteca de origen Biblioteca actual Ubicación en estantería Fecha de adquisición Fuente de adquisición Total de préstamos Signatura topográfica completa Código de barras Visto por última vez Precio de reemplazo Tipo de ítem Koha
        Biblioteca del Ateneo de Madrid Biblioteca del Ateneo de Madrid Depósito 2 05/04/2011     E-14800 1186543 23/02/2023 23/02/2023 Libro impreso